English towns & cities with Football and Rugby clubs - Statistics

General Stats
  • This quiz has been taken 59 times
  • The average score is 12 of 20
Answer Stats
Answer % Correct
Leeds - Leeds United & Leeds Rhinos
98%
London - Arsenal, Chelsea, Fulham etc... & Saracens, London Broncos etc...
94%
Newcastle - Newcastle United, Newcastle Red Bulls & Newcastle Thunder
94%
Leicester - Leicester City & Leicester Tigers
83%
Bristol - Bristol City, Bristol Rovers & Bristol Bears
81%
Kingston upon Hull - Hull City, Hull FC & Hull Kingston Rovers
74%
Northampton - Northampton Town & Northampton Saints
70%
Bradford - Bradford City & Bradford Bulls
68%
Sheffield - Sheffield United, Sheffield Wednesday & Sheffield Eagles
68%
Birmingham - Aston Villa, Birmingham City & Midlands Hurricanes
66%
Wigan - Wigan Athletic & Wigan Warriors
64%
Nottingham - Nottingham Forest, Notts County & Nottingham RFC
62%
Coventry - Coventry City & Coventry RFC
55%
Exeter - Exeter City & Exeter Chiefs
53%
Huddersfield - Huddersfield Town & Huddersfield Giants
53%
Doncaster - Doncaster Rovers, Doncaster RLFC & Doncaster Knights
40%
Salford - Salford City, Salford Red Devils & Sale Sharks
40%
Cambridge - Cambridge United & Cambridge RFC
30%
Oldham - Oldham Athletic & Oldham RLFC
26%
Barrow-in-Furness - Barrow AFC & Barrow Raiders
9%
No matching quizzes found
Score Distribution
Percent of People with Each Score
Percentile by Number Answered
Your Score History
You have not taken this quiz